Online Catalogue and eLibrary

National Guidelines for the training of service providers working in the area of violence against women (Record no. 2889)

MARC details
000 -LEADER
fixed length control field 00307nam a2200097Ia 4500
008 - FIXED-LENGTH DATA ELEMENTS--GENERAL INFORMATION
fixed length control field 240331s9999 xx 000 0 und d
082 ## - DDC Classification
Item Number - Author Mark NAT
100 ## - MAIN ENTRY--PERSONAL NAME
Personal name Australian Government . ed
245 #0 - TITLE STATEMENT
Title National Guidelines for the training of service providers working in the area of violence against women
942 ## - Koha item type (Biblio)
Koha item type Books in Stacks (Lending)
Holdings
Lost status Damaged status Collection code Home library Current library Shelving location Date acquired Full call number Accession Number Item type
    Lending WERC Library WERC Library Social Science Cupboard 03/31/2024 362.8 NAT 3708 Books in Stacks (Lending)

© WERC Library